Экспериментальное и квантово-химическое исследование фотопроцессов в замещенных кумарина: автореферат диссертации на соискание ученой степени кандидата химических наук; спец. 02.00.04

Bibliografski detalji
Glavni autor: Гадиров Р. М. Руслан Магомедтахирович
Autor kompanije: Томский государственный университет (ТГУ) Сибирский физико-технический институт им. В. Д. Кузнецова (СФТИ)
Daljnji autori: Самсонова Л. Г. Любовь Гавриловна (научный руководитель)
Sažetak:Защита сост. 13.11.2007 г.
Jezik:ruski
Izdano: Томск, [Б. и.], 2007
Teme:
Format: Knjiga
KOHA link:https://koha.lib.tpu.ru/cgi-bin/koha/opac-detail.pl?biblionumber=125703

MARC

LEADER 00000nam0a2200000 4500
001 125703
005 20231031131440.0
035 |a (RuTPU)RU\TPU\book\136015 
090 |a 125703 
100 |a 20071120d2007 k y0rusy50 ca 
101 0 |a rus 
102 |a RU 
105 |a a dm 001zy 
200 1 |a Экспериментальное и квантово-химическое исследование фотопроцессов в замещенных кумарина  |e автореферат диссертации на соискание ученой степени кандидата химических наук  |e спец. 02.00.04  |f Р. М. Гадиров  |g Томский государственный университет ; Сибирский физико-технический институт при Томском Госуниверситете ; науч. рук. Л. Г. Самсонова 
210 |a Томск  |c [Б. и.]  |d 2007 
215 |a 19 с.  |c ил. 
300 |a Защита сост. 13.11.2007 г. 
320 |a Библиогр.: с. 19-20 (8 назв.). 
610 1 |a физическая химия 
610 1 |a фотопроцессы 
610 1 |a органические соединения 
610 1 |a кумарин 
610 1 |a комплексное исследование 
610 1 |a авторефераты диссертаций 
675 |a 544.52(04)  |v 3 
686 |a 02.00.04  |2 oksvnk 
700 1 |a Гадиров  |b Р. М.  |g Руслан Магомедтахирович 
702 1 |a Самсонова  |b Л. Г.  |g Любовь Гавриловна  |4 727 
712 0 2 |a Томский государственный университет (ТГУ)  |b Сибирский физико-технический институт им. В. Д. Кузнецова (СФТИ)  |2 stltpush  |3 (RuTPU)RU\TPU\col\861 
801 1 |a RU  |b 63413507  |c 20071120  |g PSBO 
801 2 |a RU  |b 63413507  |c 20130807  |g PSBO 
942 |c BK